| 000 | 00883cab a2200253 4500 | ||
|---|---|---|---|
| 001 | ABS44936 | ||
| 008 | 090401t1991 xxu||||| |||| 00| 0 eng d | ||
| 035 | _a(Sirsi) u49955 | ||
| 041 | _aeng | ||
| 100 | _aPlum, D | ||
| 245 | _aMaterials - what to specify | ||
| 260 | _c1991 | ||
| 350 | _a0 | ||
| 490 |
_aConstruction Maintenance & Repair _v5(4) July/August 1991, 3-7 (5) |
||
| 520 | _aApproaches the problems designers face when selecting materials with such a wide range of properties. Describes some of these building materials and their notable properties. Discusses stress distribution in repairs or replacement work and the question of compatibility of materials. | ||
| 650 | _aCEMENT | ||
| 650 | _aCONCRETE | ||
| 650 | _aCREEP | ||
| 650 | _aLOAD | ||
| 650 | _aPOLYMERS | ||
| 690 | _aBUILT ENVIRONMENT-BUILDING MATERIALS | ||
| 942 | _n0 | ||
| 948 | _c04/03/1997 | ||
| 999 |
_c31257 _d31257 |
||